00463 2200169 4500001002100000005001500021035002000036245004200056100001700098300003800115856003600153260004200189082001000231084001600241020002200257600001400279INLIS00000000000278620210930121839 a0010-09210001321 aManagerial Accounting /cJohn J. Wild0 aJohn J. Wild a492 halaman :bIlustrasi ;c23 cm aPerpustakaan Umum Kota Makassar aNew York :bMc Graw-Hill Irwin,c2007 a658.1 a658.1 JOH m a978-0-07-340398-4 4aAkuntansi